African Customary Law: (Record no. 5985)
[ view plain ]
| 000 -LEADER | |
|---|---|
| fixed length control field | 00983cam a2200277 4500 |
| 005 - DATE AND TIME OF LATEST TRANSACTION | |
| control field | 20260204105413.0 |
| 008 - FIXED-LENGTH DATA ELEMENTS--GENERAL INFORMATION | |
| fixed length control field | 721004s1966 stk b 000 0 eng |
| 040 ## - CATALOGING SOURCE | |
| Original cataloging agency | KABLIB |
| Transcribing agency | KABLIB |
| Description conventions | rda |
| 043 ## - GEOGRAPHIC AREA CODE | |
| Geographic area code | f------ |
| 050 00 - LIBRARY OF CONGRESS CALL NUMBER | |
| Classification number | KQC99 |
| Item number | .N45 1966 |
| 082 ## - DEWEY DECIMAL CLASSIFICATION NUMBER | |
| Edition number | 23 |
| Classification number | 340.5096 |
| Item number | ONY |
| 100 1# - MAIN ENTRY--PERSONAL NAME | |
| Personal name | Onyoyo Peter Onyango. |
| 9 (RLIN) | 15103 |
| 245 10 - TITLE STATEMENT | |
| Title | African Customary Law: |
| Remainder of title | Developing an African Jurisprudence, |
| Statement of responsibility, etc. | Peter Onyango Onyoyo. |
| 250 ## - EDITION STATEMENT | |
| Edition statement | 2nd ed. |
| 260 ## - PUBLICATION, DISTRIBUTION, ETC. | |
| Place of publication, distribution, etc. | Nairobi |
| Name of publisher, distributor, etc. | LawAfrica Publishing (k) Ltd,, |
| Date of publication, distribution, etc. | c2019 |
| 300 ## - PHYSICAL DESCRIPTION | |
| Extent | xxiii, 220 p. |
| Dimensions | 21 cm. |
| 440 #0 - SERIES STATEMENT/ADDED ENTRY--TITLE | |
| Title | African Customary Law, |
| Volume/sequential designation | 2 |
| 9 (RLIN) | 15104 |
| 504 ## - BIBLIOGRAPHY, ETC. NOTE | |
| Bibliography, etc. note | Includes bibliographical references. |
| 650 #0 - SUBJECT ADDED ENTRY--TOPICAL TERM | |
| Topical term or geographic name entry element | Customary law |
| Geographic subdivision | Africa. |
| 9 (RLIN) | 13299 |
| 650 #0 - SUBJECT ADDED ENTRY--TOPICAL TERM | |
| Topical term or geographic name entry element | Conflict of laws |
| Geographic subdivision | Africa. |
| 9 (RLIN) | 15105 |
| 710 2# - ADDED ENTRY--CORPORATE NAME | |
| Corporate name or jurisdiction name as entry element | University of Edinburgh. |
| Subordinate unit | Centre of African Studies. |
| 9 (RLIN) | 15106 |
| 906 ## - LOCAL DATA ELEMENT F, LDF (RLIN) | |
| a | 7 |
| b | cbc |
| c | orignew |
| d | 4 |
| e | ncip |
| f | 19 |
| g | y-gencatlg |
| 942 ## - ADDED ENTRY ELEMENTS (KOHA) | |
| Source of classification or shelving scheme | Dewey Decimal Classification |
| Koha item type | Book |
| Edition | 2nd ed. |
| Withdrawn status | Lost status | Source of classification or shelving scheme | Damaged status | Not for loan | Home library | Current library | Shelving location | Date acquired | Source of acquisition | Total Checkouts | Full call number | Barcode | Date last seen | Price effective from | Koha item type |
|---|---|---|---|---|---|---|---|---|---|---|---|---|---|---|---|
| Dewey Decimal Classification | Law section | Law section | Open Access Section | 04.02.2026 | Purchased | 340.5096 ONY | 14105 | 04.02.2026 | 04.02.2026 | Book | |||||
| Dewey Decimal Classification | Law section | Law section | Open Access Section | 04.02.2026 | Purchased | 340.5096 ONY | 14106 | 04.02.2026 | 04.02.2026 | Book |